00349 a2200145 4500003000400000005001700004008004100021020001800062040000900080082001700089100001700106245002600123260004600149300000800195OSt20230905110318.0230905b |||||||| |||| 00| 0 eng d a9788172345303 coclc a823.7bAUS/E aAusten, Jane aEMMA / cJane Austen aNew Delhi:bFinger print classics,c2022. a504